000 00370nam a2200145Ia 4500
008 260319s9999 xx 000 0 und d
020 _a9.7893553259e+012
082 _a5.133
_bBAL/P
100 _aBalagurusamy,E
245 0 _aProgramming with JAVA
250 _a7th Edition
260 _aChennai
_bMcgraw Hill Education Pvt Ltd
_c2025
300 _a577p.
942 _cBK
999 _c51545
_d51545